00691nam a2200193Ia 4500001000700000008004100007035001500048041000800063084001900071110006200090245014500152260002600297300002000323500010200343650001200445650001100457650001600468650001300484004663221003s2000 xx 000 0 spa d aCENDO_9405 aspa aMU-00029-00010 aPARTIDO SOCIALISTA OBRERO ESPAÑOL.bGrupo Parlamentario 0aProposición de Ley :bRegulación de la interrupción voluntaria del embarazo: orgánica /cGrupo Parlamentario Socialista del Congreso a[S.l. :bs.n.],c2000 a6 h. ;c 30 cm aEn : Boletín Oficial de las Cortes Generales: Congreso de los Diputados (24 abril 2000), p. 1-6 aMUJERES 0aABORTO aLEGISLACION aESPAÑA